| 000 | 00968nam a2200337Ia 4500 | ||
|---|---|---|---|
| 001 | 95168 | ||
| 003 | 175797 | ||
| 005 | 20251006151738.0 | ||
| 008 | ||||||n9999 ||| || || | ||
| 082 |
_221 _a306.3 |
||
| 245 | 0 |
_aLa caída del angelus novus: ensayos para una nueva teoría social y una nueva práctica política _cBoaventura de Sousa Santos. |
|
| 504 | _aIncluye bibliografía. | ||
| 562 | _e1 | ||
| 650 |
_aANÁLISIS SOCIOLÓGICO _91987 |
||
| 650 | 0 |
_aDesarrollo social _92791 |
|
| 650 | 0 |
_aDesigualdad _915014 |
|
| 650 |
_aESTRATEGIAS PARA EL DESARROLLO _95536 |
||
| 650 |
_aESTUDIOS SOBRE AMERICA LATINA _92946 |
||
| 650 | 0 |
_aExclusión social _968141 |
|
| 650 |
_aPAPEL DEL ESTADO _93567 |
||
| 650 |
_aPOBREZA _9114560 |
||
| 650 | 0 |
_aTEORIA SOCIOLOGICA _9170553 |
|
| 650 | 0 |
_aGlobalización _98256 |
|
| 942 | _cBKM | ||
| 999 |
_c95168 _d95168 |
||
| 526 | _a4969 | ||
| 526 | _a19790 | ||
| 526 | _a104436 | ||
| 526 | _a5144 | ||
| 526 | _a51868 | ||
| 526 | _a1697 | ||